Corporate Finance : (Record no. 5776)
[ view plain ]
| 000 -LEADER | |
|---|---|
| fixed length control field | 00804nam a22002417a 4500 |
| 003 - CONTROL NUMBER IDENTIFIER | |
| control field | BUBTL |
| 008 - FIXED-LENGTH DATA ELEMENTS--GENERAL INFORMATION | |
| fixed length control field | 180807b xxu||||| |||| 00| 0 eng d |
| 020 ## - INTERNATIONAL STANDARD BOOK NUMBER | |
| International Standard Book Number | 9789339203122 |
| 041 ## - LANGUAGE CODE | |
| Language code of text/sound track or separate title | English |
| 082 ## - DEWEY DECIMAL CLASSIFICATION NUMBER | |
| Classification number | 658.15/ R7331c/ 2014 |
| 100 ## - MAIN ENTRY--PERSONAL NAME | |
| 9 (RLIN) | 1980 |
| Personal name | Ross, Stephen A. |
| 245 ## - TITLE STATEMENT | |
| Title | Corporate Finance : |
| Statement of responsibility, etc. | Stephen A. Ross, Randolph W. Westerfield and Jeffrey Jaffe and Ram Kumar Kakani |
| 250 ## - EDITION STATEMENT | |
| Edition statement | 10th |
| 260 ## - PUBLICATION, DISTRIBUTION, ETC. (IMPRINT) | |
| Place of publication, distribution, etc. | New Delhi |
| Name of publisher, distributor, etc. | Mc Graw Hill |
| Date of publication, distribution, etc. | c2014 |
| 300 ## - PHYSICAL DESCRIPTION | |
| Extent | [xxxii], 1119p . : |
| Other physical details | ill. Chart, Table ; 24cm . |
| 500 ## - GENERAL NOTE | |
| General note | Includes Index . |
| 526 ## - STUDY PROGRAM INFORMATION NOTE | |
| Program name | BBA, MBA |
| 650 #0 - SUBJECT ADDED ENTRY--TOPICAL TERM | |
| 9 (RLIN) | 1765 |
| Topical term or geographic name as entry element | Corporate Finance |
| 700 ## - ADDED ENTRY--PERSONAL NAME | |
| Personal name | Stephen A. Ross, Randolph W. Westerfield and Jeffrey Jaffe and Ram Kumar Kakani |
| 9 (RLIN) | 5427 |
| 856 ## - ELECTRONIC LOCATION AND ACCESS | |
| Password | 0 |
| Logon | 0 |
| Link text | Download |
| 942 ## - ADDED ENTRY ELEMENTS (KOHA) | |
| Source of classification or shelving scheme | |
| Koha item type | Books |
| Withdrawn status | Lost status | Source of classification or shelving scheme | Damaged status | Not for loan | Collection code | Permanent location | Current location | Shelving location | Date acquired | Inventory number | Total Checkouts | Full call number | Barcode | Date last seen | Copy number | Price effective from | Koha item type | Total Renewals | Date last checked out |
|---|---|---|---|---|---|---|---|---|---|---|---|---|---|---|---|---|---|---|---|
| Not For Loan | Non-fiction | Bangladesh University of Business and Technology Library | Bangladesh University of Business and Technology Library | Finance Stacks | 08/07/2018 | 24713 | 658.15 ROC | BUBTL-200324713 | 08/07/2018 | C-1 | 08/07/2018 | Books | |||||||
| Non-fiction | Bangladesh University of Business and Technology Library | Bangladesh University of Business and Technology Library | Finance Stacks | 08/07/2018 | 24712 | 3 | 658.15 ROC | BUBTL-200324712 | 06/14/2023 | C-2 | 08/07/2018 | Books | 1 | 05/10/2023 | |||||
| Non-fiction | Bangladesh University of Business and Technology Library | Bangladesh University of Business and Technology Library | Finance Stacks | 08/07/2018 | 24710 | 3 | 658.15/ R7331c/ 2014 | BUBTL-200324710 | 08/07/2023 | C-3 | 08/07/2018 | Books | 08/02/2023 | ||||||
| Non-fiction | Bangladesh University of Business and Technology Library | Bangladesh University of Business and Technology Library | Finance Stacks | 08/07/2018 | 24714 | 2 | 658.15/ R7331c/ 2014 | BUBTL-200324714 | 08/07/2023 | C-4 | 08/07/2018 | Books | 07/27/2023 | ||||||
| Non-fiction | Bangladesh University of Business and Technology Library | Bangladesh University of Business and Technology Library | Finance Stacks | 08/07/2018 | 24711 | 1 | 658.15 ROC | BUBTL-200324711 | 06/14/2023 | C-5 | 08/07/2018 | Books | 06/11/2023 |
